Gia đình trong mơ : Truyện tranh Tập 3

Gia Đình Trong Mơ kể về cô quản gia siêu hạng đầy tình cảm - Momoko Ishino với nhiều tình tiết thú vị xoay quanh câu chuyện tình yêu của các nhân vật trẻ.

Gespeichert in:
Bibliographische Detailangaben
1. Verfasser: Makoto, Tateno
Weitere Verfasser: Danna (Dịch)
Format: Buch
Sprache:Vietnamese
Veröffentlicht: H. Kim Đồng 2014
Schlagworte:
Tags: Tag hinzufügen
Keine Tags, Fügen Sie den ersten Tag hinzu!
Thư viện lưu trữ: Thư viện Trường Đại học Nam Cần Thơ
LEADER 00972nam a22002057a 4500
001 NCT_4_005483
008 240115b xxu||||| |||| 00| 0 vie d
999 |c 8161  |d 8161 
020 |c 25000 
082 0 4 |2 23rd ed.  |a 895.63  |b T217/T.3 
100 1 |a Makoto, Tateno 
245 1 0 |a Gia đình trong mơ :  |b Truyện tranh   |n Tập 3  |c Makoto Tateno ; Danna (Dịch) 
260 |a H.  |b Kim Đồng  |c 2014 
300 |a 351 tr.  |b Tranh vẽ  |c 15cm 
520 3 |a Gia Đình Trong Mơ kể về cô quản gia siêu hạng đầy tình cảm - Momoko Ishino với nhiều tình tiết thú vị xoay quanh câu chuyện tình yêu của các nhân vật trẻ. 
653 |a Tham khảo 
700 0 |a Danna  |e Dịch 
942 |2 ddc  |c BK 
952 |0 0  |1 0  |2 ddc  |4 0  |6 895_630000000000000_T217_T_3  |7 0  |9 28709  |a 000001  |b 000001  |d 2024-03-06  |o 895.63 T217/T.3  |p TK.03918  |r 2024-03-06  |v 25000.00  |w 2024-03-06  |y BK 
980 |a Thư viện Trường Đại học Nam Cần Thơ